000 00435 a2200157 4500
005 20250625131446.0
020 _a0 273 40089 4
082 _aLM 604.2 PAR
100 _aPARKINSON, A. C.
245 _aA First Year Engineering Drawing
250 _a6th Ed.
260 _aLondon,
_bThe English Language Book Society & Pitman Publishing,
_c1964.
300 _ax, 190p.: ill.
_bIndex.
_c25cm.
700 _aCURRIE, J. H.
942 _2ddc
_cBKS
999 _c1852
_d1852